000
00294nam a2200085Ia 4500
245
0
_a
Student voices in transition : the experiences of pathways students
100
_a
Levy, Stuart Pretoria, [South Africa], 2012 1st ed
_9
86234
942
_c
BK
008
210817s9999 xx 000 0 und d
999
_c
328078
_d
328077